Foods That Are Orange Quiz Stats

Quiz Updated May 9, 2014

Challenge
Share
Tweet
Score 0/18 Timer 04:00
36 Plays Today
Column % Correct
Oranges
99.8%
Carrots
97.8%
Pumpkin
97.5%
Orange bell pepper
95.3%
Sweet potatoes
91.4%
Doritos
91.4%
Tangerines
89.2%
Fish fingers
88.7%
Cantaloupe melon
87.9%
Column % Correct
Creamsicle
83.7%
Cheese puffs
83.4%
Chicken nuggets
82.2%
Candy corn
78.4%
Butternut squash
77.8%
Marmalade
70.3%
Papaya
54.2%
Kumquats
28.9%
Persimmons
27.2%

You're not logged in!

Compare scores with friends on all Sporcle quizzes.
Sign Up with Email
OR
Log In

You Might Also Like...

Show Comments

Extras

Top Quizzes Today


Score Distribution

Your Account Isn't Verified!

In order to create a playlist on Sporcle, you need to verify the email address you used during registration. Go to your Sporcle Settings to finish the process.